Movies Quiz

Random Movies or Marvel Quiz

MCU Characters by Total Screen Time Quiz Stats

 Plays Quiz Updated Apr 9, 2020

     
Support Sporcle.
Go Orange.
Score 0/20 Timer 06:00
23 Plays Today
Screen time Answer % Correct
5 hours, 57 minutes and 45 secondsIron Man
99.6%
3 hours, 55 minutes and 45 secondsCaptain America
98.8%
3 hours, 25 minutes and 30 secondsThor
98.2%
2 hours, 20 minutes and 15 secondsHulk
97.5%
1 hour, 50 minutes and 30 seconds Black Widow
97%
2 hours, 42 minutes and 30 secondsSpider-Man
93.7%
50 minutes and 30 secondsHawkeye
92.5%
1 hour, 35 minutes and 45 secondsStar-Lord
88.2%
1 hour, 18 minutes and 30 secondsLoki
87.5%
1 hour, 4 minutes and 45 secondsBlack Panther
86.2%
Screen time Answer % Correct
1 hour, 51 minutes and 45 secondsAnt-Man
85.7%
1 hour, 19 minutes and 45 secondsGamora
84.1%
1 hour and 29 minutesDoctor Strange
83.3%
53 minutes and 45 secondsRocket Raccoon
81.8%
1 hour and 8 minutesNick Fury
81%
1 hour, 9 minutes and 45 secondsPepper Potts
71.4%
1 hour and 11 minutesCaptain Marvel
71.3%
52 minutesThe Wasp
68.5%
58 minutes and 45 secondsWar Machine
66.7%
49 minutesHank Pym
34.2%

From the Vault

NBA 25+ PPG (2000s)

by agayguy

Sports 6m
Basketball is like war in that offensive weapons are developed first, and it always takes a while for the defense to catch up. --Red Auerbach
Remove Ads.
Support Sporcle.
Get the best of Sporcle when you Go Orange. This ad-free experience offers more features, more stats, and more fun while also helping to support Sporcle. Thank you for becoming a member.

Show Comments

Extras

Top Quizzes Today


Score Distribution

Your Account Isn't Verified!

In order to create a playlist on Sporcle, you need to verify the email address you used during registration. Go to your Sporcle Settings to finish the process.

Report this User

Report this user for behavior that violates our Community Guidelines.

Details: